书目信息 |
| 题名: |
上古音研究
|
|
| 作者: | 李方桂 著 | |
| 分册: | ||
| 出版信息: | 北京 商务印书馆 1980 |
|
| 页数: | 103页 | |
| 开本: | 21cm | |
| 丛书名: | ||
| 单 册: | ||
| 中图分类: | H111 | |
| 科图分类: | ||
| 主题词: | 汉语--上古音 | |
| 电子资源: | ||
| ISBN: | ||
| 000 | 00590nam0 2200229 45 | |
| 001 | 0180004621 | |
| 005 | 20041229155128.1 | |
| 010 | @dCNY0.67 | |
| 091 | @a9017.907 | |
| 100 | @a19950408d1980 em y0chiy0121 ea | |
| 101 | 0 | @achi |
| 102 | @aCN@b110000 | |
| 105 | @ay z 000yy | |
| 200 | 10 | @a上古音研究@Ashang gu yin yan jiu@f李方桂著@FLi Fang Gui Zhu |
| 210 | @a北京@c商务印书馆@d1980 | |
| 215 | @a103页@d21cm | |
| 606 | @a汉语@x上古音 | |
| 690 | @aH111@v3 | |
| 701 | 0 | @a李方桂@4著 |
| 801 | 0 | @aCN@b上海图书馆@c20040421 |
| 801 | 2 | @aCN@bNLC@c20040421 |
| 905 | @dH111@e45@f1@b36016 | |
| 上古音研究/李方桂著.-北京:商务印书馆,1980 |
| 103页;21cm |
| ISBN :CNY0.67 |
| ● |
| 相关链接 |
|
|
|
|
正题名:上古音研究
索取号:H111/45
 
预约/预借
| 序号 | 登录号 | 条形码 | 馆藏地/架位号 | 状态 | 备注 |
| 1 | 0036016 | 001973635 | 第四借阅区/ [索取号:H111/45] | 在馆 | |
| 2 | 0036017 | 000831773 | 密集书库/ [索取号:H111/45] | 在馆 | |
| 3 | 0174729 | 000831817 | 密集书库/ [索取号:H111/45] | 在馆 | |
| 4 | 0174730 | 000831826 | 第二样本阅览室/ [索取号:H111/45] | 在馆 | |
| 5 | 0206729 | 000831844 | 密集书库/ [索取号:H111/45] | 在馆 | |
| 6 | 0206730 | 000831835 | 密集书库/ [索取号:H111/45] | 在馆 |